Music Quiz

Random Music or Bands Quiz

Phonetic Classic Rock Quiz Stats

 Plays Quiz Updated Oct 23, 2018

Score 0/40 Timer 05:00
2 Plays Today
hɪnt Band % Correct
pɪŋk flɔɪd Pink Floyd
90.5%
kɪs Kiss
90.2%
blæk ˈsæbəθBlack Sabbath
88.4%
hɑrtHeart
88.2%
ðə kɪŋksThe Kinks
87.1%
lɛd ˈzɛpɪlɪnLed Zeppelin
86.6%
ðə ˈgreɪtfəl dɛd The Grateful Dead
86.1%
ðə ˈroʊlɪŋ stoʊnzThe Rolling Stones
86.1%
stiv ˈmɪlər bændSteve Miller Band
85.9%
zi-zi tɑpZZ Top
85.8%
væn ˈheɪlɛnVan Halen
85.7%
daɪr streɪts Dire Straits
85.3%
bæd ˈkʌmpəniBad Company
82.6%
blu ˈɔɪstər kʌltBlue Oyster Cult
82.4%
dip ˈpɜrpəl Deep Purple
81.9%
dɛf ˈlɛpərdDef Leppard
81.7%
eɪ-si-di-siAC/DC
81%
ˈfliˌtwʊd mækFleetwood Mac
80.6%
ðə dɔrz The Doors
80.4%
ðə ˈmudi bluzThe Moody Blues
80%
hɪnt Band % Correct
ðə huThe Who
78%
əˈmɛrəkəAmerica
77.5%
gʌnz ɛn ˈroʊzɪzGuns N' Roses
76.8%
ðə ˈbitəlz The Beatles
76.7%
ˈigəlz Eagles
76.4%
kridæns ˈklɪrˌwɔtər rɪˈvaɪvəlCreedence Clearwater Revival
75.5%
ˈʤɪmi ˈhɛndrɪks ɪkˈspɪriənsJimi Hendrix Experience
75.4%
kwinQueen
74.2%
krim Cream
72.2%
ði ˈɔlmən ˈbrʌðərz bændThe Allman Brothers Band
71.4%
ðə gɛs huThe Guess Who
71.1%
ˈʤɛfərsən ˈɛrˌpleɪnJefferson Airplane
67%
ðə pəˈlis The Police
66.9%
ˈɛroʊˌsmɪθ Aerosmith
65.6%
fɑghæt Foghat
64.3%
ˈʤɜrni Journey
58.2%
ˈʤɛθroʊ tʌlJethro Tull
51.2%
jɛsYes
49.9%
rʌʃ Rush
41.8%
ʃəˈkɑˌgoʊChicago
33.5%

You're not logged in!

Compare scores with friends on all Sporcle quizzes.
OR
Log In

Sporcle TV

Today on Sporcle TV


Watch our educational content, quiz creation guides, and fun videos on Sporcle TV.

Show Comments

Extras

Top Quizzes Today


Score Distribution

Your Account Isn't Verified!

In order to create a playlist on Sporcle, you need to verify the email address you used during registration. Go to your Sporcle Settings to finish the process.

Report this User

Report this user for behavior that violates our Community Guidelines.

Details: